Osmý život (pro Brilku) /
Obsáhlá sága, jíž se jako leitmotiv vine rodinné tajemství přípravy čokolády, je rozkročena mezi Asií a Evropou, přes celé 20. století a přes sedm ženských generací jedné rodiny.
Uloženo v:
| Hlavní autor: | |
|---|---|
| Další autoři: | |
| Médium: | E-kniha |
| Jazyk: | Czech |
| Vydáno: |
Brno :
Host,
2020
|
| Vydání: | První vydání |
| Témata: | |
| Tagy: |
Žádné tagy |
| LEADER | 02803nam a2200409 i 4500 | ||
|---|---|---|---|
| 001 | 301533 | ||
| 003 | CZ PrSKC | ||
| 005 | 20260501063150.0 | ||
| 007 | ta | ||
| 008 | 200304s2020 xr g 000 f cze | ||
| 015 | |a cnb003121549 | ||
| 020 | |a 9788075774316 |q (vázáno) | ||
| 035 | |a (OCoLC)1200246431 | ||
| 040 | |a ABG001 |b cze |e rda | ||
| 041 | 1 | |a cze |h ger | |
| 072 | 7 | |a 821.112.2-3 |x Německá próza, německy psaná |2 Konspekt | |
| 080 | |a 821.112.2-31 |2 MRF | ||
| 080 | |a (0:82-31) |2 MRF | ||
| 100 | 1 | |a Haratischwili, Nino, |d 1983- |7 xx0210521 |4 aut | |
| 240 | 1 | 0 | |a Achte Leben (für Brilka). |l Česky |
| 245 | 1 | 0 | |a Osmý život (pro Brilku) / |c Nino Haratischwiliová ; přeložila Michaela Škultéty |
| 250 | |a První vydání | ||
| 264 | 1 | |a Brno : |b Host, |c 2020 | |
| 300 | |a 861 stran ; |c 22 cm | ||
| 336 | |a text |b txt |2 rdacontent | ||
| 337 | |a bez média |b n |2 rdamedia | ||
| 338 | |a svazek |b nc |2 rdacarrier | ||
| 500 | |a Přeloženo z němčiny | ||
| 520 | 2 | |a Obsáhlá sága, jíž se jako leitmotiv vine rodinné tajemství přípravy čokolády, je rozkročena mezi Asií a Evropou, přes celé 20. století a přes sedm ženských generací jedné rodiny. |b Na počátku 21. století vypráví Nica, Gruzínka žijící v Německu, své neteři Brilce příběh její rodiny. Od roku 1900, přes Gruzii, Rusko i Evropu, na pozadí komunismu, fašismu i dalších dějinných zvratů se odvíjejí osudy, tragédie, lásky i nenávisti střídajících se generací Ničiny a Brilčiny rodiny, vše nahlíženo očima jejích ženských příslušnic. Ty pak spojuje i tajný recept na přípravu čokolády, jenž se v rodině předává přes sto let jen po ženské linii. Její jedinečnost nespočívá jen v chuti, ale i v téměř magických a zlověstných účincích, které jsou jí přisuzovány. Životy žen, obeznámených s její přípravou, se odvíjejí v sedmi knihách, aby vše vyústilo do nenapsané knihy "osmého života" samotné Brilky. Mohutná rodinná sága s prvky magického realismu, nadlehčovaná jemným humorem a "provoněná" motivem čokolády, se stala bestsellerem a dočkala se i dramatických adaptací. | |
| 655 | 7 | |a německé romány |7 fd132945 |2 czenas | |
| 655 | 9 | |a German fiction |2 eczenas | |
| 700 | 1 | |a Škultéty, Michaela, |d 1972- |7 mzk2003188779 |4 trl | |
| 900 | |a ABA001 |b 20 | ||
| 044 | |a xr | ||
| 910 | |a RBIT002 | ||
| 998 | |d 205344 |a https://core.palmknihy.cz/api/books/205344/cover?q7nges |b https://core.palmknihy.cz/api/books/205344/cover/400?q7nges |c https://core.palmknihy.cz/api/books/205344/cover/50?q7nges |e 2027-03-20 |g 863 |i 9788075774316 |j https://core.palmknihy.cz/api/books/205344/preview.epub |k https://core.palmknihy.cz/api/books/205344/preview.pdf |l |q 49 |r 1 |s https://www.palmknihy.cz/kniha/205344 |t ebook |y 2020 |z 0 | ||
| 999 | |d 301531 | ||